000 00544nam a2200181Ia 4500
999 _c20924
_d20924
003 OSt
005 20200624111450.0
008 190216s9999||||xx |||||||||||||| ||und||
020 _a8178352931
040 _coclc
082 _a954.035
_bSIN/N
100 _a Singh, Anshu
_93166
245 0 _aNational Movement And Communal Strife In India From 1937 To 1947 /
_cAnshu Singh
260 _bKalpaz Publications,
_c2004.
_aDelhi:
300 _a282p
650 _aHistory
942 _cBK
_2ddc
_h954.035
_iSIN/N
_k954.035
_mSIN/N